LEADER 01816nas 2200445 n 450 001 990008908380403321 005 20240229084236.0 011 $a0003-9756 035 $a000890838 035 $aFED01000890838 035 $a(Aleph)000890838FED01 035 $a000890838 091 $2CNR$aP 00050767 100 $a20161109a19609999km-y0itaa50------ba 101 0 $afre 102 $aGB 110 $aauu-------- 200 1 $aArchives européennes de sociologie 207 1$a1960- 210 $aParis$cPlon 326 $aQuadrimestrale 452 0$12001$aArchives europeennes de sociologie 517 0 $aEuropean journal of sociology 517 0 $aEuropäisches Archiv für Soziologie 530 0 $aArchives européennes de sociologie 675 $a30 675 $a301 676 $a301 676 $a301.05 712 02$aEcole Pratique des Hautes Etudes 801 0$aIT$bACNP$c20090723 859 4 $uhttp://acnp.cib.unibo.it/cgi-ser/start/it/cnr/dc-p1.tcl?catno=34523&person=false&language=ITALIANO&libr=&libr_th=unina1$zBiblioteche che possiedono il periodico 901 $aSE 912 $a990008908380403321 958 $aBiblioteca Centralizzata della Facoltà di Sociologia dell'Università di Napoli "Federico II"$b1969-1970;1972;1982-1984;1987-$e301.05 FR 2$fBFS 959 $aBFS 996 $aArchives européennes de sociologie$9800288 997 $aUNINA AP1 8 $6866-01$aNA078 Biblioteca Centralizzata della Facoltà di Sociologia dell'Università di Napoli "Federico II"$b301.05 FR 2$evico Monte della Pietà, 1, 80138 Napoli (NA)$m+39 081 2535850/1$m+39 081 2535833$nit AP2 40$aacnp.cib.unibo.it$nACNP Italian Union Catalogue of Serials$uhttp://acnp.cib.unibo.it/cgi-ser/start/it/cnr/df-p.tcl?catno=34523&language=ITALIANO&libr=&person=&B=1&libr_th=unina&proposto=NO LEADER 02769nam 2200673 a 450 001 9910973327303321 005 20250417184558.0 010 $a9786613093455 010 $a9780838992258 010 $a0838992250 010 $a9781283093453 010 $a1283093456 010 $a9780838992241 010 $a0838992242 035 $a(CKB)2560000000071644 035 $a(EBL)680167 035 $a(OCoLC)714568490 035 $a(SSID)ssj0000575596 035 $a(PQKBManifestationID)12273089 035 $a(PQKBTitleCode)TC0000575596 035 $a(PQKBWorkID)10551760 035 $a(PQKB)11649284 035 $a(MiAaPQ)EBC680167 035 $a(Au-PeEL)EBL680167 035 $a(CaPaEBR)ebr10469306 035 $a(CaONFJC)MIL309345 035 $a(ODN)ODN0000585676 035 $a(EXLCZ)992560000000071644 100 $a20110601d2011 uy 0 101 0 $aeng 135 $aur|n|---||||| 181 $ctxt 182 $cc 183 $acr 200 10$aLibraries and mobile services /$fCody W. Hanson 205 $a1st ed. 210 $aChicago, Ill. $cAmerican Library Association$d2011 215 $a1 online resource (37 p.) 225 1 $aLibrary technology reports,$x0024-2586 ;$vv. 47, no. 2 300 $aDescription based upon print version of record. 311 08$a0-8389-5830-3 320 $aIncludes bibliographical references. 327 $aCover Page; Title Page; Copyright Page; Contents; Chapter 1-Why Worry about Mobile?; Why Mobile?; Mobile Device Ownership; Smartphone Sales; Mobile Internet Access; Mobile versus the Desktop; The Changing Face of the Digital Divide; The Day for Mobile Services Has Come; Notes; Chapter 2-Mobile Devices in 2011; Hardware; Components; Software; Notes; Chapter 3-Mobile Solutions for Your Library; Become a Mobile-Only User; Device Focus Group; Ensure Mobile-Friendliness in Your Current Site; Develop a Mobile Website; Develop Mobile Web Applications; Develop Native Mobile Apps (or Don't); Notes 327 $aChapter 4-Issues for Information Accesson the Mobile WebSecurity; First Sale; Cost; Coverage; Net Neutrality; The New Digital Divide; Conclusion: The Future of Mobile Computing and Libraries 330 $aFor libraries to stay relevant, they must be able to offer content and services through the mobile web. 410 0$aLibrary technology reports ;$vv. 47, no. 2. 606 $aLibrary outreach programs 615 0$aLibrary outreach programs. 676 $a004.16 676 $a20 686 $aLAN025000$2bisacsh 700 $aHanson$b Cody W$01813266 801 0$bMiAaPQ 801 1$bMiAaPQ 801 2$bMiAaPQ 906 $aBOOK 912 $a9910973327303321 996 $aLibraries and mobile services$94366202 997 $aUNINA